| 000 | 01182cam a2200313 a 4500 | ||
|---|---|---|---|
| 001 | 31311 | ||
| 003 | BD-RjUL | ||
| 005 | 20211209051702.0 | ||
| 008 | 140415s1904 enk 000 0 eng | ||
| 035 |
_aoxf98615546 _a(BD-RjUL)31398 |
||
| 040 |
_aTJC _cTJC _dm.c _dBD-RjUL _beng |
||
| 041 | _aeng | ||
| 082 | 0 | 4 |
_220 _a821.7 _bCOA 1904 |
| 090 |
_aPR4480 _b.A1 1904 |
||
| 100 | 1 |
_aColeridge, Samuel Taylor, _d1772-1834. _995281 |
|
| 245 | 1 | 0 |
_aAids to reflection : _band The confessions of an inquiring spirit / _cby Samuel Taylor Coleridge ; to which are added his essays on faith and the Book of common prayer, etc. |
| 246 | 3 | 8 | _aColeridge's works |
| 260 |
_aLondon : _bGeorge Bell & Sons, _c1904. |
||
| 300 |
_alxxvi, 381 p. ; _c19 cm. |
||
| 490 | 1 | _aBohn's standard library | |
| 490 | 1 | _aThe York library | |
| 500 | _aContains also Dr. Marsh's preliminary essay to "Aids to reflection." | ||
| 700 | 1 | 2 |
_aColeridge, Samuel Taylor, _d1772-1834. _tConfessions of an inquiring spirit. _995282 |
| 700 | 1 |
_aMarsh, James, _d1794-1842. _995283 |
|
| 830 | 0 |
_aBohn's standard library _995288 |
|
| 830 | 0 |
_aYork library. _995289 |
|
| 942 |
_2ddc _cBK |
||
| 999 |
_c31311 _d31311 |
||